Family Front (Record no. 298904)
[ view plain ]
| 000 -LEADER | |
|---|---|
| fixed length control field | 00249 a2200121 4500 |
| 001 - CONTROL NUMBER | |
| control field | 63831 |
| 020 ## - INTERNATIONAL STANDARD BOOK NUMBER | |
| International Standard Book Number | 9789693511635 |
| 090 ## - LOCALLY ASSIGNED LC-TYPE CALL NUMBER (OCLC); LOCAL CALL NUMBER (RLIN) | |
| -- | 37750 |
| -- | 37750 |
| 100 ## - MAIN ENTRY--PERSONAL NAME | |
| Personal name | Younas Butt |
| 245 ## - TITLE STATEMENT | |
| Title | Family Front |
| 260 ## - PUBLICATION, DISTRIBUTION, ETC. | |
| Place of publication, distribution, etc. | Lahore |
| Name of publisher, distributor, etc. | Sang-e-Meel |
| Date of publication, distribution, etc. | 2006 |
| 300 ## - PHYSICAL DESCRIPTION | |
| Extent | 248pp |
| 942 ## - ADDED ENTRY ELEMENTS (KOHA) | |
| Institution code [OBSOLETE] | NUST-CAE |
| Withdrawn status | Lost status | Damaged status | Not for loan | Collection code | Permanent Location | Current Location | Date acquired | Total Checkouts | Barcode | Date last seen | Price effective from | Koha item type |
|---|---|---|---|---|---|---|---|---|---|---|---|---|
| College of Aeronautical Engineering (CAE) | College of Aeronautical Engineering (CAE) | 04/03/2017 | CAE82097 | 04/05/2017 | 04/05/2017 | Book |
